Creative Selection Between Emending and Forming Medieval Memory.

Millenniumpursues an interdisciplinaryapproach transcending historical eras. The international editorial board and the advisory board represent a wide range of disciplines - contributions from art and literary studies are just as welcome as historical, theological and philosophical disciplines; cont...

Full description

Bibliographic Details
Main Author: Scholz, Sebastian.
Other Authors: Schwedler, Gerald.
Format: eBook
Language:English
Published: Berlin/Boston : Walter de Gruyter GmbH, 2021.
Edition:1st ed.
Series:Millennium-Studien / Millennium Studies
Subjects:
Online Access:Click to View
LEADER 03365nam a22004093i 4500
001 EBC7014950
003 MiAaPQ
005 20231204023225.0
006 m o d |
007 cr cnu||||||||
008 231204s2021 xx o ||||0 eng d
020 |a 9783110757279  |q (electronic bk.) 
035 |a (MiAaPQ)EBC7014950 
035 |a (Au-PeEL)EBL7014950 
035 |a (OCoLC)1286808073 
040 |a MiAaPQ  |b eng  |e rda  |e pn  |c MiAaPQ  |d MiAaPQ 
082 0 |a 940.1072 
100 1 |a Scholz, Sebastian. 
245 1 0 |a Creative Selection Between Emending and Forming Medieval Memory. 
250 |a 1st ed. 
264 1 |a Berlin/Boston :  |b Walter de Gruyter GmbH,  |c 2021. 
264 4 |c ©2022. 
300 |a 1 online resource (212 pages) 
336 |a text  |b txt  |2 rdacontent 
337 |a computer  |b c  |2 rdamedia 
338 |a online resource  |b cr  |2 rdacarrier 
490 1 |a Millennium-Studien / Millennium Studies ;  |v v.96 
505 0 |a Intro -- Vorwort der Herausgeber -- Contents -- Less is More. Medieval Memory as Process of Creative Selection. An Introduction -- Remembering and Forgetting Phantoms of Remembrance: Social Memory and Oblivion in Medieval History after Twenty Years -- Phantoms of Identity in Early Medieval Historiography -- The Selective Memory of Jonas of Bobbio -- Gundemar the Ghost, Isidore the Historian: Rethinking Visigothic History from the Whispers of its Literature -- In ornamento totius palatii? Selektive Wahrnehmung der königlichen Entourage in frühmittelalterlichen Quellen -- Speech is Silver, but Silence is Golden. Creative Selection and Constructed Oblivion in the Work of Gregory of Tours -- Selection and Presentation of Texts in Early Medieval Canon Law Collections: Approaching the Codex Remensis (Berlin, Staatsbibliothek, Phill. 1743)* -- Wahlverwandtschaften im frühen Mittelalter. Von den merowingischen Königskatalogen zu den karolingischen Genealogien -- Phantoms of Remembrance. Creative Selection in Medieval Religious Life -- Phantoms of Remembrance und hochmittelalterlicher Mentalitätswandel -- Erinnern und Vergessen. Methodische Gedanken und mittelalterliche Perspektiven zu zwei Paradigmen am Schnittpunkt von Memoria und Geschichte -- Index: Millennium-Studien zur Kultur und Geschichte des ersten Jahrtausends n.Chr. 
520 |a Millenniumpursues an interdisciplinaryapproach transcending historical eras. The international editorial board and the advisory board represent a wide range of disciplines - contributions from art and literary studies are just as welcome as historical, theological and philosophical disciplines; contributions onLatin and Greek cultures just as welcome as on Oriental cultures. 
588 |a Description based on publisher supplied metadata and other sources. 
590 |a Electronic reproduction. Ann Arbor, Michigan : ProQuest Ebook Central, 2023. Available via World Wide Web. Access may be limited to ProQuest Ebook Central affiliated libraries.  
655 4 |a Electronic books. 
700 1 |a Schwedler, Gerald. 
776 0 8 |i Print version:  |a Scholz, Sebastian  |t Creative Selection Between Emending and Forming Medieval Memory  |d Berlin/Boston : Walter de Gruyter GmbH,c2021 
797 2 |a ProQuest (Firm) 
830 0 |a Millennium-Studien / Millennium Studies 
856 4 0 |u https://ebookcentral.proquest.com/lib/matrademy/detail.action?docID=7014950  |z Click to View